000 00295nam a22001097a 4500
008 230522b |||||||| |||| 00| 0 eng d
082 _a362.4
100 _aUNICEF
245 _aVoices from the shadow:
_bBased on a study of drug use behaviour in the Maldives
300 _a40 P
_c21cm
942 _2ddc
999 _c9599
_d9600